01911cam a22003135i 45000010009000000050017000090080041000260100017000670200031000840200026001150200027001410350013001680400023001810420008002040820014002121000029002262450067002552630009003222640045003313360026003763370028004023380027004305200845004578560066013029060045013689420015014139520152014289990017015802138038820260606124337.0200109s2020 cau 000 0 eng  a 2020930417 a9789353882488q(paperback) z9789353882495q(epub) z9789353882501q(ebook) a21380388 aDLCbengerdacDLC apcc a 332.10681 aPhadke, Sanjay,eauthor.10aFintech future :bthe digital DNA of finance /cSanjay Phadke. a2002 1aThousand Oaks :bSAGE Publishing,c2020. atextbtxt2rdacontent aunmediatedbn2rdamedia avolumebnc2rdacarrier a"Fintech is drowning banks and squeezing all our financial transactions onto a mobile screen! Should we be worried? We make payments via PayPal or Paytm, shop on Amazon or Flipkart, book accommodation on Airbnb or Oyo and call a cab using Uber or Ola apps. The big tech companies are taking care of all our finances virtually while new technologies such as artificial intelligence (AI), internet of things (IoT), blockchain, big data, 5G and quantum computing promise to raise a new storm in the future of finance. Fintech Future is the story of technology disrupting finance-from coin to bitcoin, banknote to cloud and stodgy old banks to AI-viewed from the perspective of whether it helps make the world a better place. Sanjay Phadke is Fintech Specialist and Head Global Platforms and Alliances, Vayana Network"--cProvided by publisher. uhttps://sk.sagepub.com/books/fintech-futureyRead SAGE E-Book a0bibccorignewd2eepcnf20gy-gencatlg 2ddccEBOOK 00102ddc40708EBOOKaMESbMEScORd2026-06-06l0o 332.1068r2026-06-06 12:44:42uhttps://sk.sagepub.com/books/fintech-futurew2026-06-06yEBOOK c44735d44735